[Event "Russian Championship G17 2016"]
[Site "Loo"]
[Date "2016.04.26"]
[Round "7.26"]
[White "Senkova, Darya"]
[Black "Shelepneva, Darya"]
[Result "1/2-1/2"]
[WhiteElo "1685"]
[BlackElo "1780"]
[PlyCount "80"]
[EventDate "2016.04.20"]

1. d4 Nf6 2. Nc3 d5 3. Nf3 g6 4. Bf4 c6 5. e3 Bg7 6. h3 O-O 7. Bd3 Nbd7 8. O-O
Re8 9. Bh2 a6 10. e4 dxe4 11. Nxe4 Nxe4 12. Bxe4 Nf6 13. Bd3 Qb6 14. Qd2 c5 15.
Bc4 cxd4 16. Ng5 e6 17. Be5 Ne4 18. Nxe4 Bxe5 19. Qg5 Bg7 20. Nf6+ Bxf6 21.
Qxf6 Qxb2 22. Rad1 Qxc2 23. Rxd4 Qf5 24. Qh4 e5 25. g4 Qc2 26. Rd8 Rxd8 27.
Qxd8+ Kg7 28. Qc7 Be6 29. Qxe5+ Kg8 30. Bxe6 fxe6 31. Qxe6+ Kf8 32. Qd6+ Kg8
33. Qe6+ Kf8 34. Qf6+ Kg8 35. Re1 Rf8 36. Qe6+ Rf7 37. Qe8+ Rf8 38. Qe6+ Rf7
39. Qe8+ Rf8 40. Qe6+ Rf7 1/2-1/2

[Event "Russian Championship G17 2016"]
[Site "Loo"]
[Date "2016.04.26"]
[Round "7.27"]
[White "Grigorian, Ivetta"]
[Black "Chistyakova, Daria"]
[Result "0-1"]
[WhiteElo "1446"]
[BlackElo "1857"]
[PlyCount "84"]
[EventDate "2016.04.20"]

1. e4 e5 2. Nf3 Nc6 3. Nc3 Nf6 4. g3 Bc5 5. Bg2 O-O 6. O-O d6 7. d3 h6 8. Na4
Bb6 9. Nxb6 axb6 10. Ne1 d5 11. f3 Be6 12. h3 dxe4 13. fxe4 Bxa2 14. b3 Qd4+
15. Be3 Qxe3+ 16. Kh2 Rfd8 17. Nf3 Qc5 18. Re1 Nb4 19. Re2 Bxb3 20. Rxa8 Rxa8
21. cxb3 Qc3 22. Rd2 Rd8 23. Bf1 c5 24. g4 Nc6 25. Qc2 Qb4 26. Qc4 Qa5 27. Kg3
Nd4 28. Re2 Nxf3 29. Kxf3 Qa1 30. Rf2 Rd4 31. Qc2 Rb4 32. Qb2 Qd1+ 33. Be2 Qh1+
34. Kg3 Qg1+ 35. Kf3 h5 36. Rg2 Qh1 37. Kg3 hxg4 38. hxg4 Rd4 39. Qc2 Qe1+ 40.
Rf2 Qg1+ 41. Rg2 Qe3+ 42. Kh2 Rd6 0-1

[Event "Russian Championship G19 2016"]
[Site "Loo"]
[Date "2016.04.26"]
[Round "7.1"]
[White "Obolentseva, Alexandra"]
[Black "Yakimenko, Viktoria"]
[Result "1-0"]
[WhiteElo "2315"]
[BlackElo "2056"]
[PlyCount "79"]
[EventDate "2016.04.20"]

1. d4 Nf6 2. c4 g6 3. Nc3 d5 4. Nf3 Bg7 5. Qb3 dxc4 6. Qxc4 O-O 7. e4 Nfd7 8.
Be3 Nb6 9. Qb3 Bg4 10. Rd1 e6 11. Be2 Nc6 12. e5 Ne7 13. h3 Bxf3 14. Bxf3 Qc8
15. O-O Nf5 16. Ne4 Nd5 17. g4 Nfe7 18. Bg5 Kh8 19. Nc5 c6 20. Ne4 Qc7 21. Nf6
h6 22. Nxd5 exd5 23. Bf4 Qb6 24. Qe3 Kh7 25. Be2 Rae8 26. Bd3 f6 27. Qg3 fxe5
28. Bxe5 c5 29. dxc5 Qxc5 30. Bxg7 Kxg7 31. Qe5+ Kh7 32. Rc1 Qb6 33. Rc7 Rf7
34. a4 Qb3 35. Bb5 Ref8 36. Rxe7 Qxh3 37. Rxf7+ Rxf7 38. Qg3 Qxg3+ 39. fxg3 Rc7
40. Rd1 1-0

[Event "Russian Championship G19 2016"]
[Site "Loo"]
[Date "2016.04.26"]
[Round "7.2"]
[White "Solozhenkina, Elizaveta"]
[Black "Rodionova, Daria"]
[Result "0-1"]
[WhiteElo "2137"]
[BlackElo "2212"]
[PlyCount "92"]
[EventDate "2016.04.20"]

1. e4 c5 2. Nf3 d6 3. d4 cxd4 4. Nxd4 Nf6 5. f3 Nc6 6. c4 Qb6 7. Nc2 g6 8. Nc3
Bg7 9. Rb1 Ng4 10. Qd2 Bh6 11. Qe2 Bxc1 12. Nd5 Qa5+ 13. b4 Qd8 14. Rxc1 e6 15.
Nde3 Nxe3 16. Qxe3 Qb6 17. Qxb6 axb6 18. a3 e5 19. Kd2 Be6 20. Kc3 Ke7 21. Be2
Rhc8 22. Kb2 h5 23. h4 Rc7 24. Rcd1 f5 25. g4 f4 26. gxh5 gxh5 27. Rhg1 Rg8 28.
Rxg8 Bxg8 29. a4 Rc8 30. Rg1 Bf7 31. Kb3 Rg8 32. Rxg8 Bxg8 33. Bf1 Be6 34. b5
Nb8 35. Nb4 Nd7 36. Nd5+ Bxd5 37. cxd5 Nf8 38. a5 bxa5 39. b6 Kd8 40. Bb5 Ng6
41. Bc6 bxc6 42. dxc6 Ne7 43. c7+ Kc8 44. Ka4 Kb7 45. Kxa5 Nc8 46. Kb5 Nxb6 0-1

[Event "Russian Championship G19 2016"]
[Site "Loo"]
[Date "2016.04.26"]
[Round "7.3"]
[White "Marjina, Arina"]
[Black "Maslova, Polina"]
[Result "0-1"]
[WhiteElo "2024"]
[BlackElo "2096"]
[PlyCount "66"]
[EventDate "2016.04.20"]

1. e4 c5 2. Nf3 Nc6 3. Bb5 g6 4. Bxc6 bxc6 5. O-O Bg7 6. Re1 Nf6 7. c3 O-O 8.
d4 d5 9. e5 Ne4 10. Nbd2 cxd4 11. cxd4 c5 12. Nxe4 dxe4 13. Rxe4 Bb7 14. Re1
Bxf3 15. Qxf3 Qxd4 16. Qe4 Rfd8 17. Qxd4 cxd4 18. Bg5 Rd5 19. Bxe7 Bxe5 20. b4
a5 21. a3 d3 22. Rab1 Re8 23. Bc5 d2 24. Red1 Bf4 25. g3 Bh6 26. Kf1 f5 27. Kg2
f4 28. g4 Bg7 29. Kf1 Bc3 30. Kg2 Re1 31. f3 Rde5 32. Bf2 axb4 33. axb4 Bxb4
0-1

[Event "Russian Championship G19 2016"]
[Site "Loo"]
[Date "2016.04.26"]
[Round "7.4"]
[White "Lysenko, Margarita"]
[Black "Diakonova, Ekaterina"]
[Result "0-1"]
[WhiteElo "2071"]
[BlackElo "2281"]
[PlyCount "114"]
[EventDate "2016.04.20"]

1. d4 Nf6 2. c4 g6 3. Nc3 Bg7 4. e4 d6 5. Be2 O-O 6. Bg5 Na6 7. Qd2 e5 8. d5
Qe8 9. h4 Nc5 10. f3 Nh5 11. g4 Nf4 12. Nh3 f5 13. O-O-O fxg4 14. fxg4 h6 15.
Bxf4 exf4 16. Bf3 Bd7 17. Nf2 b5 18. Nd3 Nxd3+ 19. Qxd3 Rb8 20. cxb5 Bxb5 21.
Qc2 Qe5 22. Rh2 Bc4 23. Qa4 Rxb2 24. Rxb2 Qxc3+ 25. Rc2 Qe3+ 26. Rdd2 Bc3 27.
Qxc4 Bxd2+ 28. Rxd2 Qxf3 29. e5 Qe3 30. Qc2 Qc5 31. Qxc5 dxc5 32. Kc2 f3 33.
Rf2 Rf4 34. Kc3 g5 35. hxg5 hxg5 36. a3 c4 37. Kc2 Kf7 38. Kc3 Ke7 39. Kb4 Kd7
40. a4 a5+ 41. Kc3 c6 42. d6 Ke6 43. Kc2 Rf7 44. Kb2 c5 45. Kc2 Kxe5 46. d7
Rxd7 47. Rxf3 Ke4 48. Rf5 Rd5 49. Rf1 Rd3 50. Rf5 Kd4 51. Rxg5 Rg3 52. Rg8 Rg2+
53. Kb1 c3 54. Rg5 Kc4 55. Rf5 Kb3 56. Rf1 Rxg4 57. Rh1 Rg2 0-1

[Event "Russian Championship G19 2016"]
[Site "Loo"]
[Date "2016.04.26"]
[Round "7.5"]
[White "Matiukova, Uliana"]
[Black "Yakimenko, Anastasia"]
[Result "1-0"]
[WhiteElo "2161"]
[BlackElo "2050"]
[PlyCount "72"]
[EventDate "2016.04.20"]

1. d4 Nf6 2. c4 e6 3. Nc3 Bb4 4. e3 c5 5. Bd3 b6 6. Nge2 Bb7 7. O-O O-O 8. d5
Ng4 9. Nf4 Qh4 10. h3 Bxc3 11. hxg4 Be5 12. g3 Qh6 13. e4 g5 14. Nh5 f6 15. Kg2
Rf7 16. f4 Bd4 17. fxg5 fxg5 18. Rxf7 Kxf7 19. Qf3+ Kg8 20. Bxg5 Qxg5 21. Rf1
Qe7 22. e5 Bxe5 23. Bxh7+ Kh8 24. Be4 Nc6 25. dxc6 Bxc6 26. Bxc6 dxc6 27. Qxc6
Rd8 28. Rf2 Bd4 29. Re2 Qd6 30. Qe4 Rg8 31. b3 e5 32. Re1 Qg6 33. Qxg6 Rxg6 34.
Kh3 Kg8 35. Kh4 a6 36. g5 b5 1-0

[Event "Russian Championship G19 2016"]
[Site "Loo"]
[Date "2016.04.26"]
[Round "7.6"]
[White "Drogovoz, Irina"]
[Black "Chekmareva, Liya"]
[Result "1/2-1/2"]
[WhiteElo "2205"]
[BlackElo "2043"]
[PlyCount "105"]
[EventDate "2016.04.20"]

1. d4 Nf6 2. c4 c5 3. d5 b5 4. cxb5 a6 5. bxa6 g6 6. Nc3 Bg7 7. e4 O-O 8. Nf3
Qa5 9. Bd2 Bxa6 10. Be2 d6 11. O-O Bxe2 12. Qxe2 Qa6 13. Rfe1 Nbd7 14. a4 Qxe2
15. Rxe2 Rfb8 16. Ra2 Nb6 17. b3 Nbd7 18. Ra3 Rb4 19. e5 dxe5 20. Nxe5 Nxe5 21.
Rxe5 Rd4 22. Be1 Kf8 23. h3 Nd7 24. Re3 Nb6 25. Kf1 Nxd5 26. Nxd5 Rxd5 27. Bc3
Bxc3 28. Rxc3 Ra5 29. Ke2 e6 30. Rc4 Ke7 31. b4 cxb4 32. Rxb4 Kd6 33. Rc3 h5
34. h4 Ra6 35. Ke3 Re5+ 36. Kd3 Rea5 37. Rcc4 f5 38. Kc3 Rc6 39. Kb3 Rd5 40.
Rb8 Rxc4 41. Kxc4 Rc5+ 42. Kb4 Rc2 43. Rb6+ Kd7 44. Rb7+ Kd6 45. Rg7 Rxf2 46.
Rxg6 Rf4+ 47. Kb5 Rxh4 48. a5 Rh1 49. a6 Rb1+ 50. Kc4 Rc1+ 51. Kb5 Rb1+ 52. Kc4
Rc1+ 53. Kb5 1/2-1/2

[Event "Russian Championship G19 2016"]
[Site "Loo"]
[Date "2016.04.26"]
[Round "7.7"]
[White "Sayafarova, Anna"]
[Black "Alekseeva, Irina"]
[Result "0-1"]
[WhiteElo "1947"]
[BlackElo "2177"]
[PlyCount "102"]
[EventDate "2016.04.20"]

1. e4 c5 2. Nf3 d6 3. d4 cxd4 4. Nxd4 Nf6 5. Nc3 a6 6. Bd3 e6 7. O-O Be7 8. Be3
Qc7 9. f4 O-O 10. Qf3 Nc6 11. Nxc6 bxc6 12. Rae1 e5 13. f5 Rb8 14. b3 Bb7 15.
Ne2 d5 16. Ng3 a5 17. Nh5 Kh8 18. Nxf6 Bxf6 19. g4 Bh4 20. Rd1 Qe7 21. Qh3 d4
22. Bxd4 exd4 23. f6 Bxf6 24. e5 g6 25. exf6 Qd7 26. Rde1 Rfe8 27. Qg3 Rbd8 28.
h3 c5 29. Rxe8+ Rxe8 30. Re1 Rxe1+ 31. Qxe1 Qc6 32. Qg3 h6 33. h4 Qh1+ 34. Kf2
Be4 35. Bxe4 Qxe4 36. Qd6 Qxc2+ 37. Kf3 Qd3+ 38. Kg2 Qe4+ 39. Kg3 Kh7 40. Qe7
Qd5 41. Kf2 d3 42. Ke1 a4 43. g5 hxg5 44. hxg5 axb3 45. axb3 Qxb3 46. Qf8 Qe6+
47. Kf2 Qf5+ 48. Ke1 d2+ 49. Ke2 Qg4+ 50. Kf2 Qh4+ 51. Ke2 Qe1+ 0-1

[Event "Russian Championship G19 2016"]
[Site "Loo"]
[Date "2016.04.26"]
[Round "7.8"]
[White "Mamontova, Anastasia"]
[Black "Shapar, Tatiana"]
[Result "1-0"]
[WhiteElo "2065"]
[BlackElo "1932"]
[PlyCount "27"]
[EventDate "2016.04.20"]

1. b3 d5 2. Bb2 c5 3. e3 Nc6 4. Nf3 Qc7 5. c4 dxc4 6. Bxc4 Bg4 7. Bxf7+ Kd7 8.
h3 Bxf3 9. Qxf3 Nh6 10. Bc4 e6 11. Qe4 Re8 12. Na3 a6 13. Nc2 Nf5 14. Bxe6+ 1-0

[Event "Russian Championship G19 2016"]
[Site "Loo"]
[Date "2016.04.26"]
[Round "7.9"]
[White "Antipova, Anastasia"]
[Black "Porozhnyak, Maya"]
[Result "1-0"]
[WhiteElo "2103"]
[BlackElo "2007"]
[PlyCount "57"]
[EventDate "2016.04.20"]

1. e4 e6 2. d4 d5 3. Nd2 c5 4. Ngf3 Nc6 5. dxc5 dxe4 6. Nxe4 Qxd1+ 7. Kxd1 f5
8. Nd6+ Bxd6 9. cxd6 Nf6 10. Bf4 Ne4 11. Ke1 O-O 12. c3 h6 13. Rd1 e5 14. Nxe5
Re8 15. Nxc6 Ng3+ 16. Ne7+ Kf7 17. Bxg3 Be6 18. b3 Rad8 19. Bb5 Bd7 20. Bxd7
Rxd7 21. f3 g5 22. f4 Kf6 23. Kf2 Red8 24. Rhe1 h5 25. fxg5+ Kxg5 26. h4+ Kf6
27. Nd5+ Kg6 28. Re6+ Kf7 29. Re7+ 1-0

[Event "Russian Championship G19 2016"]
[Site "Loo"]
[Date "2016.04.26"]
[Round "7.10"]
[White "Lingur, Zalina"]
[Black "Efimova, Anastasia"]
[Result "1-0"]
[WhiteElo "2216"]
[BlackElo "1832"]
[PlyCount "81"]
[EventDate "2016.04.20"]

1. e4 c5 2. Nf3 Nc6 3. d4 cxd4 4. Nxd4 e5 5. Nb5 d6 6. N1c3 a6 7. Na3 b5 8. Nd5
Nf6 9. Bg5 Be7 10. Bxf6 Bxf6 11. c3 Bb7 12. Nc2 Nb8 13. a4 bxa4 14. Nce3 O-O
15. Rxa4 Nd7 16. b4 Bg5 17. Nc4 Bxd5 18. exd5 Qc7 19. Be2 f5 20. O-O Nf6 21.
Qd3 e4 22. Qg3 Nxd5 23. Qxd6 Qxd6 24. Nxd6 Nxc3 25. Bc4+ Kh8 26. Ra3 Nb5 27.
Bxb5 axb5 28. Rxa8 Rxa8 29. Nf7+ Kg8 30. Nxg5 Re8 31. Rc1 h6 32. Nh3 g5 33. Rc5
Rd8 34. Kf1 f4 35. Ke2 Rb8 36. Re5 Kf7 37. Rxe4 Kf6 38. f3 Ra8 39. Rd4 Ke5 40.
Rd2 Ra4 41. Nf2 1-0

[Event "Russian Championship G19 2016"]
[Site "Loo"]
[Date "2016.04.26"]
[Round "7.11"]
[White "Mukhtarova, Viktoriya"]
[Black "Mukhina, Jana"]
[Result "1/2-1/2"]
[WhiteElo "1899"]
[BlackElo "2072"]
[PlyCount "58"]
[EventDate "2016.04.20"]

1. Nf3 Nf6 2. g3 b5 3. Bg2 Bb7 4. O-O e6 5. d3 c5 6. Nbd2 d6 7. a4 b4 8. b3 Be7
9. e4 O-O 10. Bb2 Nfd7 11. Nc4 e5 12. Ne3 g6 13. Nc4 f5 14. exf5 Rxf5 15. Nh4
Bxg2 16. Nxf5 Bxf1 17. Nxe7+ Qxe7 18. Qxf1 a5 19. Qg2 Ra6 20. Qd5+ Qf7 21. Qb7
g5 22. Qc7 Qe7 23. Nxa5 d5 24. Re1 Re6 25. Qc8+ Qf8 26. Qb7 Qd6 27. Qc8+ Qf8
28. Qb7 Qd6 29. Qc8+ Qf8 1/2-1/2

[Event "Russian Championship G19 2016"]
[Site "Loo"]
[Date "2016.04.26"]
[Round "7.12"]
[White "Arutyunova, Asya"]
[Black "Leontyeva, Anastasija"]
[Result "0-1"]
[WhiteElo "1941"]
[BlackElo "1823"]
[PlyCount "102"]
[EventDate "2016.04.20"]

1. Nf3 Nf6 2. g3 d5 3. c4 e6 4. Bg2 Be7 5. O-O O-O 6. d3 c5 7. Qc2 Nc6 8. a3 e5
9. cxd5 Nxd5 10. Nbd2 b6 11. Nc4 f6 12. Rd1 Be6 13. e3 Rc8 14. Qe2 b5 15. Ncd2
Qb6 16. h3 Rfd8 17. Kh2 Nc7 18. g4 Bf7 19. Nh4 g6 20. Nhf3 Ne6 21. Ne4 Kg7 22.
Ng3 Na5 23. h4 Nb3 24. Rb1 c4 25. dxc4 Rxc4 26. Ne1 Qc7 27. Bd2 Nxd2 28. Rxd2
Rxd2 29. Qxd2 Rxg4 30. h5 f5 31. Bh3 Rc4 32. hxg6 hxg6 33. Bf1 Rh4+ 34. Kg1 a6
35. Nf3 Rh8 36. Rc1 Qb8 37. Qa5 e4 38. Nd4 Nxd4 39. exd4 Qf4 40. Qc3 Qh4 41.
Bg2 Bc4 42. Nf1 Bd6 43. f4 Qxf4 44. d5+ Be5 45. Qe3 Bxf1 46. Qa7+ Kh6 47. Rxf1
Qh2+ 48. Kf2 Bg3+ 49. Ke3 Qxg2 50. Qxa6 Qxf1 51. Qf6 Bf2+ 0-1

[Event "Russian Championship G19 2016"]
[Site "Loo"]
[Date "2016.04.26"]
[Round "7.13"]
[White "Resmyatova, Antonina"]
[Black "Shakirova, Renata"]
[Result "1-0"]
[WhiteElo "2045"]
[BlackElo "1924"]
[PlyCount "79"]
[EventDate "2016.04.20"]

1. d4 Nf6 2. Nf3 e6 3. e3 b6 4. Bd3 Bb7 5. O-O Be7 6. b3 O-O 7. Bb2 d5 8. c4
Nbd7 9. Nc3 c5 10. Ne5 cxd4 11. exd4 Rc8 12. Qe2 Nb8 13. Rad1 Nc6 14. Bb1 dxc4
15. bxc4 Qc7 16. Nb5 Qb8 17. d5 Na5 18. d6 Bd8 19. d7 Rc5 20. Bd4 Be7 21. Bxc5
Bxc5 22. Ng4 Be7 23. Nxf6+ Bxf6 24. Nd6 Bc6 25. Ne8 Be7 26. Qh5 f5 27. Qe2 e5
28. Rfe1 e4 29. Qb2 Rf7 30. Qd4 Nb7 31. a3 Bd8 32. c5 Kh8 33. Qc4 Rf8 34. cxb6
Na5 35. Qc3 Rf7 36. Ba2 Re7 37. Qxa5 Qf4 38. Qd2 Qg4 39. Qe2 Qg5 40. Qc4 1-0

[Event "Russian Championship G19 2016"]
[Site "Loo"]
[Date "2016.04.26"]
[Round "7.14"]
[White "Ochneva, Inga"]
[Black "Dolgaeva, Evgenia"]
[Result "0-1"]
[WhiteElo "2042"]
[BlackElo "1931"]
[PlyCount "132"]
[EventDate "2016.04.20"]

1. e4 c5 2. Nf3 Nc6 3. d4 cxd4 4. Nxd4 g6 5. Nc3 Bg7 6. Be3 Nf6 7. f3 O-O 8.
Qd2 d5 9. exd5 Nb4 10. d6 Qxd6 11. O-O-O a6 12. Kb1 Nc6 13. g4 Nxd4 14. Bxd4
Rd8 15. Qe1 Qf4 16. Bxf6 Rxd1+ 17. Qxd1 Bxf6 18. Nd5 Qe5 19. Nxf6+ Qxf6 20. h4
Be6 21. g5 Qe5 22. b3 b5 23. Bg2 Rc8 24. Bh3 Bxh3 25. Rxh3 Qc7 26. h5 Rd8 27.
Qe1 Qc5 28. hxg6 hxg6 29. f4 b4 30. Rh1 Rc8 31. Qd2 Qc3 32. Qh2 Qg7 33. Qh3 Rd8
34. f5 gxf5 35. Qxf5 e6 36. Qf4 Qd4 37. Qh2 Qg7 38. Rg1 Qg6 39. Qf4 Rc8 40. Qh2
a5 41. Rh1 Qg7 42. Qh3 Rc3 43. Qh4 Rc8 44. Qe4 Qg6 45. Qg2 Rd8 46. Qh3 Qg7 47.
g6 f5 48. Qe3 Qf6 49. Qf2 f4 50. Qh2 Rd7 51. Rf1 e5 52. Qh3 Re7 53. Rh1 Rc7 54.
Qf3 Qxg6 55. Qd5+ Rf7 56. Qxe5 Qg7 57. Qe8+ Rf8 58. Qe1 f3 59. Rg1 f2 60. Rxg7+
Kxg7 61. Qf1 Kg6 62. Kc1 Kg5 63. c3 bxc3 64. Kc2 Kg4 65. Kxc3 Kg3 66. Qd3+ Rf3
0-1

[Event "Russian Championship G19 2016"]
[Site "Loo"]
[Date "2016.04.26"]
[Round "7.15"]
[White "Sataeva, Lana"]
[Black "Baryshnikova, Natalija"]
[Result "0-1"]
[WhiteElo "1726"]
[BlackElo "1953"]
[PlyCount "56"]
[EventDate "2016.04.20"]

1. e4 e6 2. d4 d5 3. e5 c5 4. dxc5 Bxc5 5. Qg4 g6 6. b4 Bf8 7. Nf3 Nc6 8. a3
Bg7 9. Bb2 Qc7 10. Bb5 Nge7 11. O-O Bd7 12. Re1 O-O 13. Nbd2 Nf5 14. Bxc6 Bxc6
15. Rac1 a5 16. Nb3 axb4 17. axb4 Ra2 18. Bd4 b6 19. c3 Rfa8 20. Nh4 Ba4 21.
Na1 h5 22. Qh3 Nxd4 23. cxd4 Qe7 24. Rb1 Bb5 25. Red1 R8a3 26. Nf3 Bd3 27. Rbc1
Bh6 28. Rc8+ Kg7 0-1

[Event "Russian Championship G19 2016"]
[Site "Loo"]
[Date "2016.04.26"]
[Round "7.16"]
[White "Alekseeva, Yulia"]
[Black "Khatmullina, Dilara"]
[Result "0-1"]
[WhiteElo "1858"]
[BlackElo "2049"]
[PlyCount "156"]
[EventDate "2016.04.20"]

1. e4 e5 2. Nf3 Nc6 3. d4 exd4 4. Nxd4 Nf6 5. Nc3 Bb4 6. Nxc6 bxc6 7. Bd3 d5 8.
exd5 cxd5 9. O-O O-O 10. Bg5 c6 11. Qf3 Be7 12. h3 Be6 13. Bf4 Qb6 14. b3 Rfe8
15. Na4 Qa5 16. Be5 Rad8 17. Rfe1 c5 18. Bc3 Qc7 19. Bb5 Rf8 20. Nb2 Ne4 21.
Nd1 Nxc3 22. Nxc3 Qa5 23. Bc6 Bf6 24. Nxd5 Bxa1 25. Rxa1 Bxd5 26. Bxd5 Rd6 27.
c4 Rf6 28. Qe3 h6 29. f3 Qc7 30. Re1 Qg3 31. Qe5 Qxe5 32. Rxe5 a5 33. Be4 Rc8
34. Bf5 Rb8 35. Rxc5 a4 36. Rd5 axb3 37. axb3 g6 38. Bc2 Ra6 39. Bd1 Ra2 40.
Kf1 Kg7 41. Kg1 Rb6 42. Kf1 Kf6 43. f4 h5 44. Kg1 Ke6 45. Re5+ Kd7 46. Rd5+ Rd6
47. Bf3 Rxd5 48. Bxd5 Ke7 49. b4 Rb2 50. b5 h4 51. Bc6 Kd6 52. Be8 Ke7 53. Bc6
f6 54. c5 Rc2 55. Be4 Rxc5 56. Bxg6 Rxb5 57. f5 Rb2 58. Kh2 Kd6 59. Bf7 Ke5 60.
Be6 Kf4 61. Bd7 Rb3 62. Be6 Rg3 63. Bd7 Rg5 64. Kg1 Kg3 65. Be6 Rh5 66. Kf1 Kh2
67. Kf2 Rg5 68. Bd5 Rxf5+ 69. Bf3 Rb5 70. Be2 Rb2 71. Kf1 Rxe2 72. Kxe2 Kxg2
73. Ke3 Kxh3 74. Kf3 Kh2 75. Kf2 h3 76. Kf1 Kg3 77. Kg1 f5 78. Kh1 f4 0-1

[Event "Russian Championship G19 2016"]
[Site "Loo"]
[Date "2016.04.26"]
[Round "7.17"]
[White "Kalinovskaya, Lyudmila"]
[Black "Zhivotovskaya, Asya"]
[Result "0-1"]
[WhiteElo "1618"]
[BlackElo "1951"]
[PlyCount "38"]
[EventDate "2016.04.20"]

1. d4 d5 2. c4 dxc4 3. Nc3 Nf6 4. e3 e6 5. Bxc4 c5 6. Nf3 a6 7. a4 Nc6 8. O-O
Be7 9. d5 exd5 10. Nxd5 O-O 11. Nxe7+ Qxe7 12. Qe2 Bg4 13. h3 Bh5 14. g4 Nxg4
15. hxg4 Bxg4 16. Bd5 Ne5 17. Kg2 Rad8 18. Be4 f5 19. b4 fxe4 0-1

[Event "Russian Championship G19 2016"]
[Site "Loo"]
[Date "2016.04.26"]
[Round "7.18"]
[White "Bocharova, Ulyana"]
[Black "Yarisko, Arina"]
[Result "1-0"]
[WhiteElo "1939"]
[BlackElo "1863"]
[PlyCount "79"]
[EventDate "2016.04.20"]

1. c4 e6 2. Nc3 b6 3. Nf3 Bb7 4. d4 Nf6 5. Bg5 Bb4 6. e3 O-O 7. Bd3 h6 8. Bh4
c5 9. O-O cxd4 10. exd4 Bxc3 11. bxc3 d5 12. cxd5 exd5 13. Ne5 Qd6 14. Bg3 Qa3
15. Qb3 Qa5 16. Bh4 g5 17. Bg3 Ne4 18. Bxe4 dxe4 19. Ng4 Bc8 20. Nf6+ Kg7 21.
Bd6 Rd8 22. Nxe4 Be6 23. c4 Nd7 24. d5 Bf5 25. Qb2+ f6 26. Bb4 Qa6 27. Ng3 Bg6
28. f4 Re8 29. fxg5 hxg5 30. Nf5+ Bxf5 31. Rxf5 Qxc4 32. Rxg5+ Kf7 33. Rc1 Qe4
34. Rg3 Qxd5 35. Qb1 Qe4 36. Qb3+ Qe6 37. Qd3 f5 38. Rc7 Rad8 39. Qd4 Rg8 40.
Re3 1-0

[Event "Russian Championship G19 2016"]
[Site "Loo"]
[Date "2016.04.26"]
[Round "7.19"]
[White "Nugamanova, Rozalia"]
[Black "Nenasheva, Diana"]
[Result "1-0"]
[WhiteElo "1826"]
[BlackElo "1740"]
[PlyCount "91"]
[EventDate "2016.04.20"]

1. d4 Nf6 2. c4 d6 3. Nc3 g6 4. e4 Bg7 5. h3 Nbd7 6. Nf3 O-O 7. g4 e5 8. d5 Nc5
9. Qc2 Qe7 10. Bg5 c6 11. Be2 h6 12. Be3 cxd5 13. cxd5 b6 14. g5 hxg5 15. Bxg5
Kh7 16. h4 Qc7 17. Nd2 Nh5 18. Bxh5 gxh5 19. Nb3 Bg4 20. Nxc5 bxc5 21. Qd3 f6
22. Bd2 Rab8 23. b3 Rg8 24. f3 Bd7 25. O-O-O Rb4 26. Ne2 Rb7 27. Ng3 Rc8 28.
Rdg1 c4 29. bxc4 Qb6 30. Kd1 Ba4+ 31. Ke2 Qb2 32. Nf5 Rxc4 33. Rb1 Bc2 34. Rxb2
Bxd3+ 35. Kxd3 Rxb2 36. Bc3 Rxc3+ 37. Kxc3 Rb6 38. Rg1 Bh8 39. Rc1 Ra6 40. Kb2
Rb6+ 41. Ka1 Rb7 42. Nxd6 Rd7 43. Nb5 a6 44. Rc7 Rxc7 45. Nxc7 Bg7 46. Ne6 1-0

[Event "Russian Championship B11 1st league 2016"]
[Site "Loo"]
[Date "2016.04.26"]
[Round "7.1"]
[White "Khubukshanov, Erdem"]
[Black "Danchenko, Artemiy"]
[Result "1-0"]
[WhiteElo "1573"]
[BlackElo "1770"]
[PlyCount "155"]
[EventDate "2016.04.20"]

1. e4 e6 2. d4 d5 3. Bd3 dxe4 4. Bxe4 Nf6 5. Bf3 c5 6. Ne2 Nc6 7. Be3 cxd4 8.
Nxd4 Ne5 9. Nc3 Be7 10. Qe2 O-O 11. O-O Nxf3+ 12. Qxf3 a6 13. Rfd1 Qc7 14. Rd3
Bd6 15. h3 Re8 16. Qd1 b5 17. Bg5 Nd7 18. Nce2 Nc5 19. Re3 Bb7 20. f3 Bg3 21.
Rc3 b4 22. Rc4 Bd5 23. Rxb4 a5 24. Rb5 Bc4 25. Be3 Bxb5 26. Nxb5 Qc6 27. Nbd4
Qc7 28. Nb5 Qb8 29. c4 Rd8 30. Qc2 Nd3 31. Ned4 Nb4 32. Qe2 Bh2+ 33. Kh1 e5 34.
Nf5 Bf4 35. Ne7+ Kh8 36. Bxf4 exf4 37. a3 Na6 38. Nc6 Re8 39. Qd2 Qb6 40. Ncd4
Re3 41. Nf5 Rd8 42. Nfd6 Kg8 43. Qd5 Re7 44. Qg5 Qe3 45. Nf5 f6 46. Nxe7+ Qxe7
47. Qxf4 Nc5 48. Qg3 Nd3 49. b3 f5 50. Qc7 Qf6 51. Rf1 Ra8 52. Qd7 Rd8 53. Qc7
Ra8 54. Qd6 Qd8 55. Qe6+ Kh8 56. Nd6 Qb8 57. Nf7+ Kg8 58. Ne5+ Kh8 59. Nxd3
Qxb3 60. Ne5 Qb8 61. Re1 h6 62. Nf7+ Kh7 63. Qxf5+ g6 64. Qd7 Ra7 65. Ng5+ Kg8
66. Re8+ Qxe8 67. Qxe8+ Kg7 68. Ne6+ Kf6 69. Nc5 Kg7 70. Qb8 Rf7 71. Qe5+ Kh7
72. Ne6 a4 73. c5 g5 74. c6 g4 75. hxg4 h5 76. c7 Rxc7 77. Qxc7+ Kg6 78. Qg7#
1-0

[Event "Russian Championship B11 1st league 2016"]
[Site "Loo"]
[Date "2016.04.26"]
[Round "7.2"]
[White "Ermolaev, Ivan"]
[Black "Smirnov, Saveliy"]
[Result "1/2-1/2"]
[WhiteElo "1632"]
[BlackElo "1501"]
[PlyCount "200"]
[EventDate "2016.04.20"]

1. d4 d5 2. c4 e6 3. Nc3 Nf6 4. cxd5 exd5 5. Bg5 Nbd7 6. e3 c6 7. Bd3 Be7 8.
Qc2 O-O 9. Nge2 h6 10. Bh4 Qc7 11. O-O Ng4 12. Bg3 Bd6 13. Nxd5 cxd5 14. Qxc7
Bxc7 15. Bxc7 Re8 16. Nc3 Ngf6 17. Rac1 Nf8 18. Be5 Ng4 19. Bg3 Nf6 20. Nb5 Ne6
21. Bf5 Bd7 22. Nc7 Nxc7 23. Bxd7 Nxd7 24. Rxc7 Nf6 25. Rxb7 Rec8 26. Be5 Ne4
27. Rd7 Rc2 28. Rxd5 Rxb2 29. Ra5 Rc8 30. Rxa7 Rcc2 31. Rc7 Rd2 32. Bg3 Rxa2
33. Re7 Nc3 34. h3 Nd5 35. Re5 Nc3 36. Kh2 f6 37. Rc5 Ne4 38. Rc7 Kh7 39. Re7
Nc3 40. Rc1 Nd5 41. Re6 Kg6 42. e4 Nb4 43. d5 Nd3 44. Rf1 Nc5 45. Re7 Kh7 46.
e5 Kg6 47. exf6 Kxf6 48. Re5 Ra3 49. Re3 Raa2 50. Re5 Rd3 51. d6 Rxg3 52. Rxc5
Rd3 53. Rc6 Rdd2 54. d7+ Kf7 55. d8=Q Rxd8 56. Rc7+ Kg6 57. Rc3 Re2 58. Re3
Rxe3 59. fxe3 Re8 60. Rf3 h5 61. h4 Re4 62. Kh3 Kh6 63. Rg3 Kh7 64. Rf3 Kh6 65.
g3 Kg6 66. Kg2 Kh6 67. Kf2 Re6 68. Rf4 g5 69. hxg5+ Kxg5 70. Kf3 Rd6 71. Rd4
Rf6+ 72. Rf4 Rd6 73. Rf8 Rd1 74. Rg8+ Kf5 75. e4+ Kf6 76. Rf8+ Kg6 77. Rf4 Rd3+
78. Kg2 Kg5 79. Kh3 Re3 80. Rf5+ Kg6 81. Re5 Kf6 82. Re8 Kg5 83. Rg8+ Kf6 84.
Rf8+ Kg6 85. Rf4 Kg5 86. Rh4 Kg6 87. Kg2 Kg5 88. Rf4 Re2+ 89. Kh3 Re3 90. Rf5+
Kg6 91. Re5 Kf6 92. Rxh5 Rxe4 93. Rh4 Re3 94. Rf4+ Kg5 95. Rg4+ Kh6 96. Rg8 Ra3
97. Rf8 Kg5 98. Rf4 Kh5 99. Rf5+ Kg6 100. Kg4 Rxg3+ 1/2-1/2

[Event "Russian Championship B11 1st league 2016"]
[Site "Loo"]
[Date "2016.04.26"]
[Round "7.3"]
[White "Shemyakinskiy, Nikita"]
[Black "Kolchin, Maxim"]
[Result "0-1"]
[WhiteElo "1371"]
[BlackElo "1666"]
[PlyCount "90"]
[EventDate "2016.04.20"]

1. Nf3 Nf6 2. e3 g6 3. b3 Bg7 4. Bb2 O-O 5. d4 d6 6. Bd3 Nc6 7. a3 Re8 8. c4 e5
9. dxe5 Nxe5 10. Nxe5 dxe5 11. Bc2 Qe7 12. O-O e4 13. h3 Bf5 14. Qe2 Qe6 15.
Kh2 Ng4+ 16. Kg1 Bxb2 17. Ra2 Be5 18. hxg4 Bxg4 19. Qe1 Bd6 20. Bd1 Bf5 21. Qc3
Be5 22. Qb4 b6 23. Be2 Qf6 24. g3 Qg5 25. Kg2 h5 26. Rh1 Kg7 27. Qb5 Bd6 28.
Nd2 Rh8 29. Kg1 Bxg3 30. Nxe4 Bxf2+ 31. Kxf2 Qe7 32. Ng3 Bd7 33. Qb4 Qf6+ 34.
Ke1 Rae8 35. Qd2 Bc6 36. Rg1 Qe5 37. Nxh5+ Kf8 38. Qb4+ Re7 39. Nf4 Qxe3 40.
Rf1 Qc1+ 41. Kf2 Qxf4+ 42. Ke1 Qc1+ 43. Kf2 Rh2+ 44. Kg1 Qh6 45. Bh5 Qxh5 0-1